Community based coastal fisheries resource management thmey village prey thom commune krong kep, ការគ្រប់គ្រងធនធានជលផលតំបន់ឆ្នេរក្នុងសហគមន៏ភូមិថ្មី សង្កាត់ព្រៃធំ ខ៏ណ្ឌកែប ក្រុងកែប (Record no. 3871)
[ view plain ]
| 000 -LEADER | |
|---|---|
| fixed length control field | 00696nam a22001577a 4500 |
| 003 - CONTROL NUMBER IDENTIFIER | |
| control field | OSt |
| 005 - DATE AND TIME OF LATEST TRANSACTION | |
| control field | 20151202152054.0 |
| 008 - FIXED-LENGTH DATA ELEMENTS--GENERAL INFORMATION | |
| fixed length control field | 151202b xxu||||| |||| 00| 0 eng d |
| 040 ## - CATALOGING SOURCE | |
| Transcribing agency | RUA |
| 082 ## - DEWEY DECIMAL CLASSIFICATION NUMBER | |
| Classification number | FIS MEN 2002 B174 Or.1 |
| 100 ## - MAIN ENTRY--PERSONAL NAME | |
| 9 (RLIN) | 4157 |
| Personal name | MEN, PHALIN. |
| 245 ## - TITLE STATEMENT | |
| Title | Community based coastal fisheries resource management thmey village prey thom commune krong kep, ការគ្រប់គ្រងធនធានជលផលតំបន់ឆ្នេរក្នុងសហគមន៏ភូមិថ្មី សង្កាត់ព្រៃធំ ខ៏ណ្ឌកែប ក្រុងកែប |
| 260 ## - PUBLICATION, DISTRIBUTION, ETC. (IMPRINT) | |
| Place of publication, distribution, etc. | Phnom Penh |
| Name of publisher, distributor, etc. | RUA |
| Date of publication, distribution, etc. | 2002 |
| 300 ## - PHYSICAL DESCRIPTION | |
| Extent | 48p. |
| Other physical details | ill. |
| Dimensions | 29cm. |
| 942 ## - ADDED ENTRY ELEMENTS (KOHA) | |
| Source of classification or shelving scheme | |
| Koha item type | FIS |
| Price effective from | Date last seen | Permanent Location | Not for loan | Date acquired | Source of classification or shelving scheme | Koha item type | Lost status | Withdrawn status | Date last checked out | Total Checkouts | Shelving location | Damaged status | Barcode | Current Location | Full call number |
|---|---|---|---|---|---|---|---|---|---|---|---|---|---|---|---|
| 2015-12-02 | 2016-11-04 | Library Block B | 2015-12-02 | FIS | 2016-10-14 | 1 | B174 | RUA028145 | Library Block B | FIS MEN 2002 B174 Or.1 | |||||
| 2015-12-02 | 2015-12-02 | Library Block B | 2015-12-02 | FIS | B174 | RUA010751 | Library Block B | FIS MEN 2002 B174 Or.2 | |||||||
| 2015-12-02 | 2015-12-02 | Library Block B | 2015-12-02 | FIS | B174 | RUA010897 | Library Block B | FIS MEN 2002 B174 Or.3 | |||||||
| 2015-12-02 | 2015-12-02 | Library Block B | 2015-12-02 | FIS | B174 | RUA028839 | Library Block B | FIS MEN 2002 B174 Or.4 | |||||||
| 2015-12-02 | 2015-12-02 | Library Block B | 2015-12-02 | FIS | B174 | RUA010821 | Library Block B | FIS MEN 2002 B174 Or.5 |